| 000 | 00473nam a2200109Ia 4500 | ||
|---|---|---|---|
| 008 | 160909s9999 xx 000 0 und d | ||
| 100 | _aMcMullen, Mac Jackson | ||
| 245 | _aContingency Theory: United States Small Business Predictive Performance with Project Management Using Partial Least Squares Structural Equation Modeling | ||
| 260 |
_bNorthcentral University _c2016 |
||
| 650 | _aFINANCIAL MANAGEMENT | ||
| 856 | _uhttp://pqdtopen.proquest.com/doc/1775490066.html?FMT=ABS | ||
| 999 |
_c304524 _d304524 |
||